Η δολοφονία

Αποθηκεύτηκε σε:
Λεπτομέρειες βιβλιογραφικής εγγραφής
Κύριος συγγραφέας: Βαλαωρίτης, Νάνος Κων., 1921-2019
Μορφή: Βιβλίο
Γλώσσα:Greek
Δημοσίευση: Αθήνα : Θεμέλιο, c1984.
Θέματα:
Ετικέτες: Προσθήκη ετικέτας
Δεν υπάρχουν, Καταχωρήστε ετικέτα πρώτοι!

MARC

LEADER 00000cam a2200000 i 4500
001 1/36148
008 970107s1984 gr | ||| |||| ||gre||
035 |a 1996  |c ΔΩΡΕΑ  |l 10040162 
040 |a GR-MyUA  |b gre  |e AACR2 
041 0 |a gre 
082 0 |a 889.3 
100 1 |a Βαλαωρίτης, Νάνος Κων.,   |d 1921-2019. 
245 1 2 |a Η δολοφονία /   |c Νάνος Βαλαωρίτης.  
260 |a Αθήνα :   |b Θεμέλιο,   |c c1984.  
300 |a 117 σ. ;   |c 17 εκ.  
650 0 0 |a Greek fiction. 
852 |a INST  |b SAMOS  |e 19970107  |h 889.3 ΒΑΛ  |p 005300009305  |q 005300009305  |t BK  |y 0 
909 |a Σ  |b 036228